| Tag |
First Indicator |
Second Indicator |
Subfields |
| LEADER |
00000cam a2200000 a 4500 |
| 001 |
in00000013857 |
| 005 |
20151007052440.0 |
| 008 |
870819s1987 miu b s00000 eng |
| 010 |
|
|
|a 87019226
|
| 020 |
|
|
|a 0472063766 (pbk. : alk. paper) :
|c $9.95
|
| 020 |
|
|
|a 0472093762 (hard : alk. paper) :
|c $20.00
|
| 035 |
|
|
|a (OCoLC)16648051
|
| 035 |
|
|
|9 AAA7828AM
|
| 040 |
|
|
|a DLC
|c DLC
|d TXA
|d UtOrBLW
|
| 049 |
|
|
|a TXAM
|c [A11486800]
|
| 050 |
0 |
0 |
|a PS3521.I582
|b Z8 1987
|
| 082 |
0 |
|
|a 811/.54
|2 19
|
| 245 |
0 |
0 |
|a On the poetry of Galway Kinnell :
|b the wages of dying /
|c edited by Howard Nelson.
|
| 264 |
|
1 |
|a Ann Arbor :
|b University of Michigan Press,
|c [1987]
|
| 264 |
|
4 |
|c ©1987
|
| 300 |
|
|
|a x, 293 pages ;
|c 21 cm.
|
| 336 |
|
|
|a text
|b txt
|2 rdacontent
|
| 337 |
|
|
|a unmediated
|b n
|2 rdamedia
|
| 338 |
|
|
|a volume
|b nc
|2 rdacarrier
|
| 490 |
1 |
|
|a Under discussion
|
| 504 |
|
|
|a Bibliography: pages 285-293.
|
| 600 |
1 |
0 |
|a Kinnell, Galway,
|d 1927-2014
|x Criticism and interpretation.
|
| 700 |
1 |
|
|a Nelson, Howard,
|d 1947-
|
| 830 |
|
0 |
|a Under discussion.
|
| 999 |
|
|
|a MARS
|
| 999 |
f |
f |
|s bd8e9b76-0872-393c-be05-18588d87c831
|i 6c81ecdc-dde1-36aa-80bc-b9c8d2db13bb
|t 0
|
| 952 |
f |
f |
|p ric
|a Texas A&M University
|b Rellis Campus
|c Joint Library Facility
|d Remote Storage
|t 0
|e PS3521.I582 Z8 1987
|h Library of Congress classification
|i unmediated -- volume
|m A14811486800
|
| 998 |
f |
f |
|a PS3521.I582 Z8 1987
|t 0
|l Remote Storage
|